Economic Populism and Institutional Reform

Gespeichert in:
Bibliographische Detailangaben
1. Verfasser: Ünal, Emre
Format: Buch
Sprache:Englisch
Veröffentlicht: Abingdon Routledge 2025
Ausgabe:1st Edition
Schlagworte:
Tags: Tag hinzufügen
Keine Tags, Fügen Sie das erste Tag hinzu!

MARC

LEADER 00000nam a2200000 4500
001 0312590
005 20251013131631.6
020 |a 9781003438090 
041 0 |a eng 
044 |a GB 
245 1 0 |a Economic Populism and Institutional Reform  |c Emre Ünal 
250 |a 1st Edition 
264 1 |a Abingdon  |b Routledge  |c 2025 
300 |a 224 s. 
500 |a Taylor and Francis e-books. 
610 2 0 |a populizmus 
610 2 0 |a politika hospodárska 
610 2 0 |a makroekonomika 
610 2 0 |a inflácia 
610 2 0 |a reformy hospodárske 
100 1 |a Ünal, Emre